000 00250nam a2200097Ia 4500
001 725612
005 20250826163412.0
008 250824s9999 xx 000 0 und d
245 0 _aTABİAT DİLE GELDİ
_cNİLÜFER AKTAŞ
260 _bKAYALIPARK YAYINLARI
999 _c725612
_d725612